US Trivia by City #2 - Statistics

General Stats
  • This quiz has been taken 52 times
  • The average score is 13 of 20
Answer Stats
Question City % Correct
Large Floridian city on the Gulf of Mexico Tampa, FL
97%
Home to the Grand Ole Opry Nashville, TN
89%
Alamo site San Antonio, TX
89%
City home to about 40% of Alaska's population Anchorage, AK
86%
Johns Hopkins University locale Baltimore, MD
83%
Across the Bay from San Francisco Oakland, CA
80%
Home of Miller Brewing Co. Milwaukee, WI
77%
At the crossroads of the Ohio, the Allegheny, and the Monongahela rivers Pittsburgh, PA
74%
End of the Erie Canal Buffalo, NY
71%
5th largest city in the US Phoenix, AZ
71%
Largest Ohio city that doesn't start with a C Toledo, OH
71%
Michael Jackson's home Gary, IN
69%
Most barbeque restaurants per capita Kansas City, MO
69%
Second largest city on the Mississippi River Minneapolis, MN
69%
City home to the largest U.S. naval base Norfolk, VA
49%
More breweries than any other city Portland, OR
37%
Most elevated state capital Santa Fe, NM
34%
The larger of the two cities with the nickname, "The Queen City" Charlotte, NC
31%
Birthplace of General Motors Flint, MI
31%
Campbell's Soup headquarters Camden, NJ
17%
No matching quizzes found
Score Distribution
Percent of People with Each Score
Percentile by Number Answered
Your Score History
You have not taken this quiz